00313nam a22001097a 4500082001800000100003300018245008000051260004500131300000600176563000700182650001400189 a495.1834bPOS aWorld Heritage Site of China aPostcards collection of the Terra-cotta Army/cWorld Heritage Site of China aChina:bWorld Heritage Site of China;c- a- aPB aPostcards